[Event "8th RTU Open 2018"]
[Site "Riga"]
[Date "2018.08.12"]
[Round "9"]
[White "Pogosyan, Stefan"]
[Black "Kaczur, Florian"]
[Result "1-0"]
[WhiteElo "2331"]
[BlackElo "2482"]
[Annotator "TA"]
[PlyCount "155"]
[EventDate "2018.08.06"]
[EventType "swiss"]
[EventCountry "LAT"]
[SourceTitle "playchess.com"]
[Source "ChessBase"]
[SourceQuality "1"]

{[%evp 17,155,27,21,12,44,48,65,54,48,58,44,45,45,51,80,72,87,83,150,91,102,108,109,70,68,65,79,63,88,45,59,44,32,11,6,11,20,15,97,93,56,37,72,42,102,81,144,73,251,289,275,279,321,317,314,300,298,283,414,414,404,384,398,344,331,218,466,451,379,68,239,239,238,80,84,80,81,65,79,65,65,42,65,65,203,203,197,189,189,169,141,0,12826,1300,12825,12829,12818,12828,12825,2121,12836,12837,12834,1877,1410,1206,1986,5134,4686,4258,1790,1696,1935,1594,1418,1246,966,830,728,672,1027,962,803,793,12825,2189,12830,12830,12837,12838,12838,12838,12838,12839,12838,12838,12840,12840,1700,813]} 1. c4 Nf6 2. Nc3 e5 3. g3 Bb4 4. Bg2 O-O 5. Nf3 Re8 6. O-O Bxc3 7. bxc3 d6 8. d3 Nc6 9. e4 a6 {LiveBook: 3 Games. A29: English Opening: Four Knights Variation with 4 g3} 10. a4 Bg4 $146 ({Predecessor:} 10... Nd7 11. Nh4 Nc5 12. a5 Qf6 13. Ra3 g5 14. Nf3 h6 15. h4 g4 16. Nh2 Qg6 17. f3 gxf3 18. Qxf3 {½-½ (49) Spassky,B (2580)-Anand,V (2515) Cannes 1989}) 11. h3 Bh5 {White is slightly better.} 12. g4 Bg6 13. a5 Nd7 14. Bg5 f6 15. Be3 Nc5 16. Nh4 Bf7 17. Nf5 Qd7 (17... Ne7 $142) 18. Qc2 (18. d4 $142 $1) 18... Ne6 19. Rfb1 Reb8 20. Qa4 Be8 21. d4 Ncd8 22. Qc2 (22. Qd1 {keeps more tension.} Nf7 23. Ng3 Nh8 24. Qd2 Ng6 25. Nf5) 22... g6 23. Ng3 {[%cal Bf5g3,Bg3e2,Be2c1,Bc1d3][%mdl 32]} (23. Nh6+ {seems wilder.} Kh8 24. Qd2 Nf7 25. Nxf7+ Qxf7 26. Ra2) 23... Nf4 24. Bxf4 exf4 25. Ne2 g5 $1 26. Nc1 Bf7 27. Qa4 Qc8 (27... Qxa4 $11 28. Rxa4 Be8) 28. Nd3 $16 h5 29. f3 Nc6 30. c5 $36 {[%mdl 2048] White has good play.} Ne7 (30... hxg4 $14 31. cxd6 (31. hxg4 d5 $11) (31. fxg4 Na7 $11) 31... gxf3 32. dxc7 Qxc7 33. Bxf3 Na7) 31. d5 {Strongly threatening cxd6.} Ng6 (31... Qd8 $142) 32. Qd4 (32. cxd6 $142 {Hoping for Qd4.} cxd6 33. gxh5) 32... Kg7 $2 (32... Qd8 $16) 33. cxd6 $18 ({Much less strong is} 33. gxh5 $6 Ne5 $16) 33... cxd6 34. Rb6 ({Weaker is} 34. gxh5 Ne5 $16) 34... Qc7 35. gxh5 Ne5 36. Nxe5 dxe5 37. Qb4 Rc8 {[#]} (37... Bxh5 $142 38. Rb1 Bf7) 38. h6+ $1 {[%mdl 512]} Kg6 (38... Kxh6 39. Rxb7) 39. Rxb7 Qxc3 40. Qxc3 Rxc3 41. Rd1 Rc5 $2 (41... Bg8 42. Rb6 Ra3) 42. d6 Rd8 43. d7 $2 (43. h4 $18) 43... Rxa5 $2 (43... Kxh6 $14 44. Rb6 Kg7) 44. Rc7 $1 {[%cal Rc7c8]} Be6 45. Rd6 $2 (45. Bf1 $1 $18 {and the rest is easy.}) 45... Ra1+ $16 46. Kh2 Rxd7 47. Rdxd7 Bxd7 48. Rxd7 {And now h7 would win.} Kxh6 {[%mdl 4096] Endgame KRB-KR} 49. h4 Ra2 50. hxg5+ fxg5 (50... Kxg5 $14 51. Kg1 a5) 51. Kh3 $18 Kh5 52. Re7 Ra5 53. Re6 Rc5 54. Rxa6 ({White should play} 54. Re8 $16) 54... g4+ $2 {[%mdl 8192]} (54... Rc3 $11) 55. fxg4+ {White is clearly winning.} Kg5 56. Ra3 Rc2 57. Bf3 Rf2 58. Rb3 Rf1 59. Kg2 Ra1 60. Rb8 Ra2+ 61. Kh3 Ra3 {[#]} 62. Rg8+ $1 Kf6 63. Kg2 Ra2+ 64. Kf1 Rb2 65. Be2 Rb4 66. Bd3 Ra4 67. Bc2 Ra1+ 68. Ke2 Ra2 69. Kd3 Ra3+ 70. Kc4 f3 71. Bd1 Kf7 {[#]} 72. Rg5 $1 {[%cal Rg5e5]} Re3 {[#]} 73. Bxf3 $1 Ke6 (73... Rxf3 74. Rf5+) 74. Rf5 Re1 75. g5 Rc1+ 76. Kd3 Rg1 77. Ke2 Ra1 78. Kf2 {Precision: White = 61%, Black = 32%.} 1-0

[Event "8th RTU Open 2018"]
[Site "Riga"]
[Date "2018.08.12"]
[Round "9"]
[White "Vaishali R"]
[Black "Duzhakov, Ilya"]
[Result "1/2-1/2"]
[WhiteElo "2294"]
[BlackElo "2441"]
[Annotator "NA"]
[PlyCount "48"]
[EventDate "2018.08.06"]
[EventType "swiss"]
[EventCountry "LAT"]
[SourceTitle "playchess.com"]
[Source "ChessBase"]
[SourceQuality "1"]
[TimeControl "5400+30"]

1. e4 {[%emt 0:00:00]} c6 {[%emt 0:00:00]} 2. d4 {[%emt 0:00:00]} d5 {[%emt 0:00:00]} 3. exd5 {[%emt 0:00:22]} cxd5 {[%emt 0:00:03]} 4. Bd3 {[%emt 0:00:05]} Nc6 {[%emt 0:00:20]} 5. c3 {[%emt 0:00:02]} Nf6 {[%emt 0:00:23]} 6. Bf4 {[%emt 0:01:03]} Bg4 {[%emt 0:02:02]} 7. Qb3 {[%emt 0:00:07]} Qc8 {[%emt 0:05:24]} 8. Nd2 {[%emt 0:01:19]} e6 {[%emt 0:00:18]} 9. Ngf3 {[%emt 0:00:49]} Be7 {[%emt 0:00:19]} 10. O-O {[%emt 0:00:58]} O-O {[%emt 0:00:38]} 11. Rfe1 {[%emt 0:00:54]} Bh5 {[%emt 0:03:35]} 12. Ne5 {[%emt 0:02:25]} Nxe5 {[%emt 0:01:39]} 13. Bxe5 {[%emt 0:02:51]} Qc6 {[%emt 0:06:40]} 14. a4 {[%emt 0:07:09]} a6 {[%emt 0:01:54]} 15. a5 {[%emt 0:06:23]} Nd7 {[%emt 0:07:57]} 16. Bf4 {[%emt 0:13:08]} Rfc8 {[%emt 0:09:34]} 17. Rec1 {[%emt 0:04:15]} Bd6 {[%emt 0:04:38]} 18. Bxd6 {[%emt 0:02:11]} Qxd6 {[%emt 0:01:08]} 19. Re1 {[%emt 0:01:45]} Rab8 {[%emt 0:04:20]} 20. Qa3 {[%emt 0:05:17]} Rc6 {[%emt 0:08:56]} 21. Qxd6 {[%emt 0:05:15]} Rxd6 {[%emt 0:00:14]} 22. Ra3 {[%emt 0:00:26]} Bg6 {[%emt 0:06:34]} 23. Bf1 {[%emt 0:04:12]} Rc6 {[%emt 0:03:22]} 24. f4 {[%emt 0:07:14]} Kf8 {[%emt 0:05:29]} 1/2-1/2

[Event "8th RTU Open 2018"]
[Site "Riga"]
[Date "2018.08.12"]
[Round "9"]
[White "Vovk, Ilja"]
[Black "Leenhouts, Koen"]
[Result "0-1"]
[WhiteElo "2294"]
[BlackElo "2475"]
[Annotator "ChessBase"]
[PlyCount "88"]
[EventDate "2018.08.06"]
[EventType "swiss"]
[EventCountry "LAT"]
[SourceTitle "playchess.com"]
[Source "ChessBase"]
[SourceQuality "1"]
[TimeControl "5400+30"]

1. e4 {[%emt 0:00:00]} c5 {[%emt 0:00:00]} 2. d3 {[%emt 0:00:00]} Nc6 {[%emt 0:00:22]} 3. f4 {[%emt 0:00:00]} e6 {[%emt 0:01:09]} 4. Nf3 {[%emt 0:00:00]} d5 {[%emt 0:00:13]} 5. Be2 {[%emt 0:00:05]} b6 {[%emt 0:01:35]} 6. c3 {[%emt 0:01:29]} Bb7 {[%emt 0:00:23]} 7. O-O {[%emt 0:00:49]} Bd6 {[%emt 0:03:56]} 8. e5 {[%emt 0:06:39]} Bc7 {[%emt 0:00:57]} 9. d4 {[%emt 0:00:42]} Nge7 {[%emt 0:03:31]} 10. Na3 {[%emt 0:01:30]} Qd7 {[%emt 0:05:09]} 11. Nc2 {[%emt 0:09:56]} c4 {[%emt 0:01:03]} 12. Ne3 {[%emt 0:01:59]} b5 {[%emt 0:02:33]} 13. Qc2 {[%emt 0:21:26]} h6 {[%emt 0:03:37]} 14. Nh4 {[%emt 0:03:26]} g6 {[%emt 0:09:56]} 15. Ng4 {[%emt 0:11:23]} Ng8 {[%emt 0:00:34]} 16. Be3 {[%emt 0:03:54]} h5 {[%emt 0:03:32]} 17. Nf2 {[%emt 0:08:13]} Nh6 {[%emt 0:00:56]} 18. f5 {[%emt 0:11:49]} Nxf5 {[%emt 0:02:20]} 19. Nxf5 {[%emt 0:03:07]} gxf5 {[%emt 0:00:47]} 20. Bg5 {[%emt 0:01:02]} Bd8 {[%emt 0:03:31]} 21. Bxd8 {[%emt 0:00:05]} Qxd8 {[%emt 0:00:09]} 22. Nh3 {[%emt 0:00:11]} Qb6 {[%emt 0:03:10]} 23. Nf4 {[%emt 0:03:00]} Nxe5 {[%emt 0:00:47]} 24. Bxh5 {[%emt 0:03:05]} O-O-O {[%emt 0:02:15]} 25. Qe2 {[%emt 0:02:27]} f6 {[%emt 0:11:53]} 26. Rad1 {[%emt 0:04:20]} Rd6 {[%emt 0:08:51]} 27. Kh1 {[%emt 0:01:47]} Nd7 {[%emt 0:00:08]} 28. Rde1 {[%emt 0:00:45]} Nf8 {[%emt 0:00:48]} 29. Qf3 {[%emt 0:00:43]} Kb8 {[%emt 0:04:14]} 30. Re2 {[%emt 0:00:29]} Qc7 {[%emt 0:01:06]} 31. Rfe1 {[%emt 0:00:24]} Bc8 {[%emt 0:00:28]} 32. Qg3 {[%emt 0:00:25]} Rd7 {[%emt 0:00:48]} 33. h3 {[%emt 0:00:43]} Rg7 {[%emt 0:00:27]} 34. Qe3 {[%emt 0:00:23]} Rg5 {[%emt 0:01:57]} 35. Bf3 {[%emt 0:00:40]} Rh4 {[%emt 0:00:13]} 36. Nxd5 {[%emt 0:00:20]} exd5 {[%emt 0:00:10]} 37. Qe8 {[%emt 0:00:29]} Nd7 {[%emt 0:03:06]} 38. Re7 {[%emt 0:00:01]} Rg3 {[%emt 0:01:18]} 39. Bxd5 {[%emt 0:01:08]} Rgxh3+ {[%emt 0:05:34]} 40. gxh3 {[%emt 0:00:01]} Rxh3+ {[%emt 0:00:10]} 41. Kg1 {[%emt 0:00:36]} Qh2+ {[%emt 0:00:05]} 42. Kf1 {[%emt 0:00:01]} Rg3 {[%emt 0:00:09]} 43. Qg8 {[%emt 0:01:27]} Rxg8 {[%emt 0:01:06]} 44. Bxg8 {[%emt 0:00:08]} Qf4+ {[%emt 0:00:06]} 0-1

[Event "8th RTU Open 2018"]
[Site "Riga"]
[Date "2018.08.12"]
[Round "9"]
[White "Jacobs, Florian"]
[Black "Cruz Lledo, Pablo"]
[Result "0-1"]
[WhiteElo "2255"]
[BlackElo "2432"]
[Annotator "NA"]
[PlyCount "88"]
[EventDate "2018.08.06"]
[EventType "swiss"]
[EventCountry "LAT"]
[SourceTitle "playchess.com"]
[Source "ChessBase"]
[SourceQuality "1"]
[TimeControl "5400+30"]

1. d4 {[%emt 0:00:00]} d5 {[%emt 0:00:00]} 2. c4 {[%emt 0:00:00]} e6 {[%emt 0:00:00]} 3. Nc3 {[%emt 0:00:00]} Bb4 {[%emt 0:00:00]} 4. e3 {[%emt 0:00:00]} Ne7 {[%emt 0:02:53]} 5. a3 {[%emt 0:01:40]} Bxc3+ {[%emt 0:00:15]} 6. bxc3 {[%emt 0:00:04]} O-O {[%emt 0:00:15]} 7. Bd3 {[%emt 0:07:29]} Nbc6 {[%emt 0:02:57]} 8. Ne2 {[%emt 0:03:27]} Na5 {[%emt 0:01:04]} 9. cxd5 {[%emt 0:00:53]} exd5 {[%emt 0:00:06]} 10. Ng3 {[%emt 0:00:31]} Be6 {[%emt 0:12:00]} 11. O-O {[%emt 0:00:32]} Qd7 {[%emt 0:00:08]} 12. f3 {[%emt 0:06:17]} Nf5 {[%emt 0:02:50]} 13. Ne2 {[%emt 0:16:36]} Nd6 {[%emt 0:06:57]} 14. e4 {[%emt 0:02:56]} dxe4 {[%emt 0:04:57]} 15. fxe4 {[%emt 0:00:30]} Bb3 {[%emt 0:01:07]} 16. Qe1 {[%emt 0:01:46]} Bc4 {[%emt 0:00:17]} 17. Bxc4 {[%emt 0:02:13]} Naxc4 {[%emt 0:03:00]} 18. e5 {[%emt 0:06:59]} Nf5 {[%emt 0:02:44]} 19. Qf2 {[%emt 0:04:10]} Ne7 {[%emt 0:00:27]} 20. Ng3 {[%emt 0:04:09]} Nd5 {[%emt 0:02:44]} 21. Nf5 {[%emt 0:19:07]} Kh8 {[%emt 0:15:31]} 22. Bg5 {[%emt 0:06:32]} f6 {[%emt 0:03:13]} 23. exf6 {[%emt 0:00:06]} Nxf6 {[%emt 0:00:15]} 24. Qh4 {[%emt 0:08:27]} Nd5 {[%emt 0:03:03]} 25. Ne7 {[%emt 0:00:01]} Qd6 {[%emt 0:05:24]} 26. Nxd5 {[%emt 0:02:55]} Qxd5 {[%emt 0:00:02]} 27. a4 {[%emt 0:00:59]} Nd6 {[%emt 0:04:09]} 28. Rxf8+ {[%emt 0:00:05]} Rxf8 {[%emt 0:00:04]} 29. Re1 {[%emt 0:00:22]} Qf7 {[%emt 0:05:36]} 30. h3 {[%emt 0:01:33]} Re8 {[%emt 0:00:01]} 31. Rf1 {[%emt 0:01:26]} Qd5 {[%emt 0:04:00]} 32. Qf4 {[%emt 0:01:28]} Ne4 {[%emt 0:05:19]} 33. Re1 {[%emt 0:00:28]} Kg8 {[%emt 0:00:54]} 34. Qe3 {[%emt 0:01:30]} Nd6 {[%emt 0:03:58]} 35. Qxe8+ {[%emt 0:00:54]} Nxe8 {[%emt 0:00:06]} 36. Rxe8+ {[%emt 0:00:02]} Kf7 {[%emt 0:00:08]} 37. Re7+ {[%emt 0:00:42]} Kf8 {[%emt 0:01:28]} 38. Re5 {[%emt 0:00:14]} Qb3 {[%emt 0:00:11]} 39. Be7+ {[%emt 0:00:33]} Kg8 {[%emt 0:00:35]} 40. a5 {[%emt 0:01:35]} Qxc3 {[%emt 0:00:23]} 41. Bc5 {[%emt 0:00:29]} b6 {[%emt 0:00:50]} 42. axb6 {[%emt 0:00:11]} cxb6 {[%emt 0:00:54]} 43. Re8+ {[%emt 0:00:34]} Kf7 {[%emt 0:00:05]} 44. Rf8+ {[%emt 0:00:13]} Kg6 {[%emt 0:00:10]} 0-1

[Event "8th RTU Open 2018"]
[Site "Riga"]
[Date "2018.08.12"]
[Round "9"]
[White "Bluebaum, Karl Ernst"]
[Black "Fenil, Shah"]
[Result "0-1"]
[WhiteElo "2253"]
[BlackElo "2412"]
[Annotator "NA"]
[PlyCount "94"]
[EventDate "2018.08.06"]
[EventType "swiss"]
[EventCountry "LAT"]
[SourceTitle "playchess.com"]
[Source "ChessBase"]
[SourceQuality "1"]
[TimeControl "5400+30"]

1. d4 {[%emt 0:00:00]} d5 {[%emt 0:00:00]} 2. c4 {[%emt 0:00:00]} e6 {[%emt 0:00:00]} 3. Nc3 {[%emt 0:00:04]} c6 {[%emt 0:00:00]} 4. e3 {[%emt 0:00:23]} Bd6 {[%emt 0:00:00]} 5. Bd3 {[%emt 0:00:25]} f5 {[%emt 0:00:05]} 6. Nge2 {[%emt 0:00:24]} Nf6 {[%emt 0:00:09]} 7. f3 {[%emt 0:00:12]} O-O {[%emt 0:02:11]} 8. O-O {[%emt 0:01:25]} Qe7 {[%emt 0:13:19]} 9. Qc2 {[%emt 0:00:25]} Kh8 {[%emt 0:02:06]} 10. c5 {[%emt 0:24:07]} Bc7 {[%emt 0:01:18]} 11. b4 {[%emt 0:02:52]} Nh5 {[%emt 0:15:33]} 12. Bd2 {[%emt 0:14:50]} e5 {[%emt 0:24:14]} 13. dxe5 {[%emt 0:01:10]} Bxe5 {[%emt 0:05:27]} 14. Rae1 {[%emt 0:05:57]} Nf6 {[%emt 0:08:42]} 15. Kh1 {[%emt 0:02:28]} b6 {[%emt 0:01:23]} 16. Na4 {[%emt 0:03:24]} b5 {[%emt 0:03:34]} 17. Nac3 {[%emt 0:01:41]} a5 {[%emt 0:00:01]} 18. a3 {[%emt 0:00:09]} Na6 {[%emt 0:01:29]} 19. Nd1 {[%emt 0:01:29]} Bd7 {[%emt 0:02:39]} 20. Nd4 {[%emt 0:00:49]} g6 {[%emt 0:05:39]} 21. Bc3 {[%emt 0:00:11]} Kg8 {[%emt 0:00:44]} 22. Nb2 {[%emt 0:05:08]} Nh5 {[%emt 0:04:24]} 23. Qf2 {[%emt 0:00:29]} axb4 {[%emt 0:01:18]} 24. axb4 {[%emt 0:00:03]} Nc7 {[%emt 0:00:07]} 25. Ra1 {[%emt 0:05:42]} Bg7 {[%emt 0:03:22]} 26. Qd2 {[%emt 0:04:54]} Qh4 {[%emt 0:00:55]} 27. Kg1 {[%emt 0:00:12]} f4 {[%emt 0:00:41]} 28. Rxa8 {[%emt 0:10:40]} Rxa8 {[%emt 0:00:01]} 29. exf4 {[%emt 0:00:14]} Qxf4 {[%emt 0:01:43]} 30. Qf2 {[%emt 0:05:26]} Qf7 {[%emt 0:00:02]} 31. Ne2 {[%emt 0:03:21]} Ra2 {[%emt 0:00:10]} 32. Bb1 {[%emt 0:00:57]} Rxb2 {[%emt 0:00:19]} 33. Bxb2 {[%emt 0:00:19]} Bxb2 {[%emt 0:00:02]} 34. Nd4 {[%emt 0:00:20]} Bc3 {[%emt 0:00:25]} 35. Rc1 {[%emt 0:00:50]} Bxb4 {[%emt 0:01:13]} 36. Qh4 {[%emt 0:00:55]} Qf6 {[%emt 0:00:12]} 37. Qf2 {[%emt 0:01:58]} Nf4 {[%emt 0:00:21]} 38. Nb3 {[%emt 0:00:18]} Nce6 {[%emt 0:01:07]} 39. Kf1 {[%emt 0:01:12]} d4 {[%emt 0:00:25]} 40. Be4 {[%emt 0:00:30]} d3 {[%emt 0:01:01]} 41. Qa2 {[%emt 0:01:03]} Qg5 {[%emt 0:02:31]} 42. g3 {[%emt 0:00:44]} Ne2 {[%emt 0:00:47]} 43. Qa8+ {[%emt 0:01:55]} Nf8 {[%emt 0:00:04]} 44. Rd1 Qe3 {[%emt 0:01:29]} 45. Kg2 {[%emt 0:01:52]} Nf4+ {[%emt 0:00:20]} 46. gxf4 {[%emt 0:00:21]} Qe2+ {[%emt 0:00:01]} 47. Kg3 {[%emt 0:00:39]} Qxd1 {[%emt 0:00:19]} 0-1

[Event "8th RTU Open 2018"]
[Site "Riga"]
[Date "2018.08.12"]
[Round "9"]
[White "Makoveev, Ilya"]
[Black "Lapshun, Yury"]
[Result "1-0"]
[WhiteElo "2249"]
[BlackElo "2403"]
[Annotator "NA"]
[PlyCount "35"]
[EventDate "2018.08.06"]
[EventType "swiss"]
[EventCountry "LAT"]
[SourceTitle "playchess.com"]
[Source "ChessBase"]
[SourceQuality "1"]
[TimeControl "5400+30"]

1. e4 {[%emt 0:00:00]} c5 {[%emt 0:22:46]} 2. Nf3 {[%emt 0:00:00]} a6 {[%emt 0:00:06]} 3. d4 {[%emt 0:03:46]} cxd4 {[%emt 0:00:05]} 4. Nxd4 {[%emt 0:00:08]} Nf6 {[%emt 0:00:18]} 5. Nc3 {[%emt 0:00:42]} e5 {[%emt 0:00:23]} 6. Nf3 {[%emt 0:01:11]} Nc6 {[%emt 0:00:51]} 7. Bc4 {[%emt 0:04:12]} Bb4 {[%emt 0:00:46]} 8. O-O {[%emt 0:00:44]} Bxc3 {[%emt 0:03:01]} 9. bxc3 {[%emt 0:00:17]} d6 {[%emt 0:05:52]} 10. Re1 {[%emt 0:23:25]} Be6 {[%emt 0:04:43]} 11. Bxe6 {[%emt 0:08:11]} fxe6 {[%emt 0:00:08]} 12. Ba3 {[%emt 0:00:11]} Ke7 {[%emt 0:00:06]} 13. Rb1 {[%emt 0:06:27]} Rb8 {[%emt 0:01:04]} 14. Rb6 {[%emt 0:09:50]} Qc7 {[%emt 0:10:02]} 15. Nxe5 {[%emt 0:00:43]} Rbd8 {[%emt 0:03:04]} 16. Nc4 {[%emt 0:06:09]} e5 {[%emt 0:22:52]} 17. Qb1 {[%emt 0:01:09]} Rd7 {[%emt 0:00:49]} 18. Nxd6 {[%emt 0:02:06]} 1-0

[Event "8th RTU Open 2018"]
[Site "Riga"]
[Date "2018.08.12"]
[Round "9"]
[White "Kretainis, Kristaps"]
[Black "Berzinsh, Roland"]
[Result "0-1"]
[WhiteElo "2235"]
[BlackElo "2408"]
[Annotator "NA"]
[PlyCount "90"]
[EventDate "2018.08.06"]
[EventType "swiss"]
[EventCountry "LAT"]
[SourceTitle "playchess.com"]
[Source "ChessBase"]
[SourceQuality "1"]
[TimeControl "5400+30"]

1. Nf3 {[%emt 0:00:00]} d5 {[%emt 0:00:49]} 2. g3 {[%emt 0:00:00]} g6 {[%emt 0:01:49]} 3. Bg2 {[%emt 0:00:00]} Bg7 {[%emt 0:00:07]} 4. d4 {[%emt 0:00:21]} c5 {[%emt 0:00:09]} 5. O-O {[%emt 0:00:14]} cxd4 {[%emt 0:00:38]} 6. Nxd4 {[%emt 0:00:03]} e5 {[%emt 0:00:58]} 7. Nb3 {[%emt 0:00:10]} Ne7 {[%emt 0:00:31]} 8. c4 {[%emt 0:00:39]} d4 {[%emt 0:00:27]} 9. e3 {[%emt 0:01:17]} O-O {[%emt 0:01:04]} 10. exd4 {[%emt 0:00:42]} exd4 {[%emt 0:00:09]} 11. Bf4 {[%emt 0:00:18]} Nbc6 {[%emt 0:02:57]} 12. Qd2 {[%emt 0:00:19]} Nf5 {[%emt 0:19:15]} 13. Na3 {[%emt 0:03:51]} h6 {[%emt 0:02:46]} 14. h4 {[%emt 0:00:29]} Qb6 {[%emt 0:05:53]} 15. Nb5 {[%emt 0:01:22]} Ne5 16. Bxe5 {[%emt 0:19:11]} Bxe5 {[%emt 0:00:26]} 17. Rfe1 {[%emt 0:00:12]} Bg7 {[%emt 0:01:23]} 18. Qa5 {[%emt 0:03:46]} Qd8 {[%emt 0:09:12]} 19. Rad1 {[%emt 0:04:32]} a6 {[%emt 0:12:03]} 20. Qxd8 {[%emt 0:10:19]} Rxd8 {[%emt 0:00:02]} 21. Nc7 {[%emt 0:00:05]} Rb8 {[%emt 0:00:12]} 22. Nc5 {[%emt 0:02:37]} Nd6 {[%emt 0:03:19]} 23. b3 {[%emt 0:08:43]} Bg4 {[%emt 0:00:53]} 24. f3 {[%emt 0:00:10]} Bf5 {[%emt 0:01:22]} 25. Nd3 {[%emt 0:01:35]} Kf8 {[%emt 0:03:03]} 26. Ne5 {[%emt 0:07:06]} Rbc8 {[%emt 0:04:16]} 27. Nd5 {[%emt 0:00:28]} b5 {[%emt 0:02:51]} 28. Nb6 {[%emt 0:00:55]} Rc5 {[%emt 0:01:07]} 29. f4 {[%emt 0:00:54]} bxc4 {[%emt 0:01:54]} 30. Rxd4 {[%emt 0:03:05]} c3 {[%emt 0:00:08]} 31. Nbc4 {[%emt 0:04:03]} c2 {[%emt 0:02:45]} 32. Rc1 {[%emt 0:02:58]} Nxc4 {[%emt 0:03:53]} 33. Rxd8+ {[%emt 0:00:48]} Ke7 {[%emt 0:00:06]} 34. bxc4 {[%emt 0:20:16]} Kxd8 {[%emt 0:08:51]} 35. Nxf7+ {[%emt 0:00:13]} Ke7 {[%emt 0:00:25]} 36. Ne5 {[%emt 0:00:04]} Rxe5 {[%emt 0:03:31]} 37. fxe5 {[%emt 0:00:37]} Bxe5 {[%emt 0:00:05]} 38. Re1 {[%emt 0:03:04]} Kf6 {[%emt 0:02:54]} 39. g4 {[%emt 0:00:25]} Bd4+ {[%emt 0:00:14]} 40. Kh1 {[%emt 0:02:14]} Bd3 {[%emt 0:00:23]} 41. c5 {[%emt 0:01:35]} Bxc5 {[%emt 0:00:19]} 42. g5+ {[%emt 0:00:12]} hxg5 {[%emt 0:01:22]} 43. hxg5+ {[%emt 0:00:02]} Kg7 {[%emt 0:00:11]} 44. Bf1 {[%emt 0:00:26]} Bxf1 {[%emt 0:00:24]} 45. Rxf1 {[%emt 0:00:09]} Be3 {[%emt 0:00:10]} 0-1

[Event "8th RTU Open 2018"]
[Site "Riga"]
[Date "2018.08.12"]
[Round "9"]
[White "Mierins, Eriks"]
[Black "Martin, Julian"]
[Result "0-1"]
[WhiteElo "2235"]
[BlackElo "2392"]
[Annotator "NA"]
[PlyCount "70"]
[EventDate "2018.08.06"]
[EventType "swiss"]
[EventCountry "LAT"]
[SourceTitle "playchess.com"]
[Source "ChessBase"]
[SourceQuality "1"]
[TimeControl "5400+30"]

1. e4 {[%emt 0:01:41]} c5 {[%emt 0:00:00]} 2. Nf3 {[%emt 0:00:04]} d6 {[%emt 0:00:00]} 3. d4 {[%emt 0:00:09]} cxd4 {[%emt 0:00:00]} 4. Nxd4 {[%emt 0:00:05]} Nf6 {[%emt 0:00:00]} 5. Nc3 {[%emt 0:00:11]} a6 {[%emt 0:00:00]} 6. Bg5 {[%emt 0:00:17]} e6 {[%emt 0:00:42]} 7. f4 {[%emt 0:00:50]} Nbd7 {[%emt 0:00:03]} 8. a4 {[%emt 0:01:32]} Qc7 {[%emt 0:12:16]} 9. Be2 {[%emt 0:00:35]} Be7 {[%emt 0:01:11]} 10. O-O {[%emt 0:01:07]} h6 {[%emt 0:01:40]} 11. Bxf6 {[%emt 0:11:47]} Bxf6 {[%emt 0:02:33]} 12. Kh1 {[%emt 0:00:30]} O-O {[%emt 0:05:07]} 13. Qd2 {[%emt 0:05:11]} b6 {[%emt 0:02:21]} 14. Bf3 {[%emt 0:00:49]} Bb7 {[%emt 0:01:12]} 15. Rad1 {[%emt 0:01:47]} Rfd8 {[%emt 0:05:29]} 16. f5 {[%emt 0:34:02]} Nf8 {[%emt 0:16:44]} 17. Qf2 {[%emt 0:07:36]} Rac8 {[%emt 0:03:14]} 18. Bg4 {[%emt 0:00:32]} Qe7 {[%emt 0:10:11]} 19. fxe6 {[%emt 0:06:18]} fxe6 {[%emt 0:00:05]} 20. Rd3 {[%emt 0:03:51]} Rc4 {[%emt 0:06:42]} 21. Rfd1 {[%emt 0:00:18]} Bc8 {[%emt 0:02:39]} 22. Nce2 {[%emt 0:04:35]} Ng6 {[%emt 0:01:41]} 23. b3 {[%emt 0:00:21]} Rc5 {[%emt 0:00:54]} 24. Bf3 {[%emt 0:10:33]} Ne5 {[%emt 0:06:58]} 25. Rc3 {[%emt 0:00:07]} Qc7 {[%emt 0:00:15]} 26. Qe1 {[%emt 0:01:13]} Bd7 {[%emt 0:00:41]} 27. Bh5 {[%emt 0:02:50]} g6 {[%emt 0:02:40]} 28. Rg3 {[%emt 0:01:32]} Kh7 {[%emt 0:00:50]} 29. Nf4 {[%emt 0:00:16]} gxh5 {[%emt 0:01:00]} 30. Ndxe6 {[%emt 0:00:52]} Bxe6 {[%emt 0:00:08]} 31. Nxe6 {[%emt 0:00:04]} Qe7 {[%emt 0:00:51]} 32. Nxd8 {[%emt 0:02:42]} Bh4 {[%emt 0:00:57]} 33. Qb4 {[%emt 0:01:36]} Qxd8 {[%emt 0:06:35]} 34. Rh3 {[%emt 0:00:35]} Ng4 {[%emt 0:00:17]} 35. e5 {[%emt 0:00:22]} Nf2+ {[%emt 0:00:55]} 0-1

[Event "8th RTU Open 2018"]
[Site "Riga"]
[Date "2018.08.12"]
[Round "9"]
[White "Kholopov, Alexander A"]
[Black "Krivonosov, Oleg"]
[Result "0-1"]
[WhiteElo "2220"]
[BlackElo "2386"]
[Annotator "TA"]
[PlyCount "98"]
[EventDate "2018.08.06"]
[EventType "swiss"]
[EventCountry "LAT"]
[SourceTitle "playchess.com"]
[Source "ChessBase"]
[SourceQuality "1"]

{[%evp 23,98,12,21,8,22,20,15,11,25,18,26,22,23,11,22,0,7,7,7,0,0,0,11,11,11,0,11,11,21,18,25,17,26,20,20,0,21,0,0,0,0,0,46,53,52,52,40,45,60,60,58,66,60,14,14,15,14,16,12,12,71,0,0,0,0,0,0,0,0,0,0,0,0,0,0,-222,-205]} 1. d4 d5 2. c4 e6 3. Nc3 Be7 4. cxd5 exd5 5. Bf4 c6 6. e3 Bd6 7. Bxd6 Qxd6 8. Bd3 Ne7 {D31: Queen's Gambit Declined: Semi-Slav without ...Nf6 (+ Marshall Gambit and Noteboom) and Exchange Variation lines without ...Nf6} 9. Qc2 b6 10. Nf3 Ba6 11. Bxa6 (11. O-O Bxd3 12. Qxd3 O-O 13. e4 Nd7 14. Rfe1 Rfe8 {0-1 (27) Nakamura,H (2780)-Topalov,V (2749) Saint Louis 2017}) 11... Nxa6 12. O-O O-O {LiveBook: 7 Games} 13. Rfc1 Rfc8 14. a3 Nc7 15. b4 h6 $146 ({Predecessor:} 15... Qe6 16. Qb3 {1-0 (63) Muzychuk,M (2532)-Khotenashvili,B (2426) Novi Sad 2016}) 16. h3 Ne6 17. Na4 Rc7 18. Qb2 Rac8 19. Rc2 Ng5 20. Nxg5 hxg5 21. Rac1 Qd7 22. Qb3 Nf5 {[%cal Be7f5,Bf5d6,Bd6e4][%mdl 32]} 23. Nb2 Nd6 24. a4 Qe6 25. Qd3 Ne4 26. Qe2 Qe7 27. Nd3 f6 28. Qg4 Nd6 29. Nb2 Qf7 30. h4 gxh4 31. Qxh4 Qe6 32. Qh5 Qe8 (32... g5 {looks sharper.} 33. Nd3 Qf5 34. Qd1 Qh7 35. Nb2 Qd7) 33. Qxe8+ Nxe8 34. Nd3 Kf7 35. Kf1 g5 36. Ke2 Ke6 37. g4 Nd6 38. Rh1 (38. b5 $5) 38... Ne4 39. Rh6 c5 40. bxc5 bxc5 41. f3 c4 {[#]} (41... cxd4 $1 $11 42. Rxc7 Rxc7) 42. Nf4+ (42. Nb4 $1 $16 Nd6 43. Na6) 42... gxf4 $11 43. fxe4 fxe3 {[%mdl 4096] Endgame KRR-KRR} 44. e5 Rf7 {Black wants to play ...Rg8.} 45. Kxe3 Rg8 46. Kf4 {[#] And now Re2 would win.} Ke7 $1 {aiming for ...fxe5+.} 47. exf6+ Rxf6+ 48. Rxf6 Kxf6 49. Rc3 $2 (49. Re2 $11) 49... Re8 {Precision: White = 51%, Black = 55%.} 0-1